LEADER 01600nam a2200349 u 4500 001 000000042132 003 CaOOAMICUS 005 20070226114306.0 008 990222s1998 it u000 u ita u 020 $a8810101650 035 $a10814993 040 $aPUL(R)$bita$dPUL(R) 245 00$aRipensare il lavoro :$bproposte per la Chiesa e la società /$ca cura di Lorenzo Caselli. 260 $aBologna :$bEdizioni Dehoniane Bologna,$cc1998. 300 $a327 p. ;$c22 cm 490 1 $aFormazione e vita sociale ;$v15 504 $aBibliografia in nota. 650 4$aChiesa e lavoro.$0(OLS)http://pul/subject/18514 650 4$aDiritto del lavoro.$0(OLS)http://pul/subject/1096 650 4$aLavoro$xAspetti morali e religiosi.$0(OLS)http://pul/subject/1144 700 1 $aCaselli, Lorenzo.$0(OLS)http://pul/name/30957 830 0$aFormazione e vita sociale ;$v15.$0(OLS)http://pul/title/56831 850 $aPUL 852 $aPUL$W1$xSL Religione 2$y84$mRH D 37$j56972$nBK-PRI$b $qStampati altre collocazioni$B56972$CPULBib$Z2$F56972 $H $81 852 $aPUL$W1$xDP1 Cons. Gen., Altre Classi 1$y22$m46 P 50$j124646$ac. 2$qStampati$B123396$CPULBib$Z2$F123396 $H79489 $82 941 1 $a10 941 1 $a8 960 $aLavoro (Diritto)$91096 961 $aINV: 79489 996 $6020$a8810101650$9(OLS)http://pul/number/52534 996 $6245$aRipensare il lavoro :$bproposte per la Chiesa e la società$9(OLS)http://pul/title/56830 996 $6260$aBologna :$bEdizioni Dehoniane Bologna$9(OLS)http://pul/publisher/60955 LEADER 01282nam a2200253 u 4500 001 000000043098 003 CaOOAMICUS 005 20070226114411.0 008 990319s1993 it u000 u ita u 035 $a10817555 040 $aPUL(R)$bita 245 10$a1993, quali capitalismi :$bmercati e democrazie nel nuovo disordine mondiale. 260 $aMilano :$bSPAI,$cc1993. 300 $a122 p. ;$c24 cm 500 $aIn testa al front.: Rapporto sullo stato del sistema internazionale. 505 0 $aPace, mercato e democrazia, l'illusione del mondo finito. -- Da due a molti: una geografia del mercato e della democrazia. -- Concorrenti o nemici? Le insidie del nuovo gioco. -- I miti della transizione. 650 4$aEconomia politica.$0(OLS)http://pul/subject/7140 710 2 $aIstituto per gli studi di politica internazionale (Milan, Italy).$0(OLS)http://pul/name/31583 850 $aPUL 852 $aPUL$W1$xDP1 Cons. Gen., Altre Classi 1$y22$m46 C 68$j58112$nBK-PRI$b $qStampati$B58112$CPULBib$Z2$F58112 $H $81 941 1 $a8 961 $aINV: 74230 996 $6245$a1993, quali capitalismi :$bmercati e democrazie nel nuovo disordine mondiale$9(OLS)http://pul/title/58132 996 $6260$aMilano :$bSPAI$9(OLS)http://pul/publisher/65143